000 00735nam a2200241Ia 4500
003 OSt
005 20220923224914.0
006 a|||||r|||| 00| 0
007 ta
008 220922b |||||||| |||| 00| 0 hin d
024 _a253,489
037 _cTextual
040 _aARTS
_cARTS
_bhin
041 _2hin
_ahin
082 _aO152,3N212:g, N2
100 _aशाह, रेणु
245 0 _aफणीश्वरनाथ रेणु का कथा शिल्प
246 _aFaṇīshvaranāth reṇu kā kathā shilpa
260 _c1992
650 _aहिन्दी साहित्य
_9156264
942 _hO152,3N212:g, N2
_cTEXL
_2CC
999 _c374572
_d374572